000 00592cam a22002293a 4500
001 19837
003 PGUSA
005 20140828083423.0
008 061118s2006||||xxu|||||s|||||000 | eng d
040 _aPGUSA
_beng
042 _adc
050 4 _aBS
100 1 _aUnknown
245 1 0 _aEcclesiastes
_h[electronic resource] /
_cUnknown
260 _bProject Gutenberg,
_c2006
506 _aPublic domain in the USA.
516 _aElectronic text
653 _aBible. Ecclesiastes
830 0 _aProject Gutenberg
_v19837
856 4 0 _uhttp://www.gutenberg.org/ebooks/19837
942 _cEB
999 _c249092
_d249092